<?xml version="1.0" encoding="UTF-8"?>
<record
    xmlns:xsi="http://www.w3.org/2001/XMLSchema-instance"
    xsi:schemaLocation="http://www.loc.gov/MARC21/slim http://www.loc.gov/standards/marcxml/schema/MARC21slim.xsd"
    xmlns="http://www.loc.gov/MARC21/slim">

  <leader>03861nas1a22004211i 4500</leader>
  <controlfield tag="001">RU\NLR\Per\554862</controlfield>
  <controlfield tag="005">20260407091926.0</controlfield>
  <datafield tag="011" ind1=" " ind2=" ">
    <subfield code="a">1996-6733</subfield>
    <subfield code="y">1995-7262</subfield>
  </datafield>
  <datafield tag="035" ind1=" " ind2=" ">
    <subfield code="a">(NLR Aleph) 002780311</subfield>
  </datafield>
  <datafield tag="090" ind1=" " ind2=" ">
    <subfield code="a">2399373</subfield>
    <subfield code="c">2399373</subfield>
  </datafield>
  <datafield tag="100" ind1=" " ind2=" ">
    <subfield code="a">20080711a20079999|||y0rusy50      ca</subfield>
  </datafield>
  <datafield tag="101" ind1="0" ind2=" ">
    <subfield code="a">rus</subfield>
  </datafield>
  <datafield tag="102" ind1=" " ind2=" ">
    <subfield code="a">RU</subfield>
  </datafield>
  <datafield tag="110" ind1=" " ind2=" ">
    <subfield code="a">ah|||||||||</subfield>
  </datafield>
  <datafield tag="200" ind1="1" ind2=" ">
    <subfield code="a">&#x41F;&#x440;&#x43E;&#x431;&#x43B;&#x435;&#x43C;&#x44B; &#x431;&#x438;&#x43E;&#x43B;&#x43E;&#x433;&#x438;&#x438; &#x43F;&#x440;&#x43E;&#x434;&#x443;&#x43A;&#x442;&#x438;&#x432;&#x43D;&#x44B;&#x445; &#x436;&#x438;&#x432;&#x43E;&#x442;&#x43D;&#x44B;&#x445;</subfield>
    <subfield code="e">&#x431;&#x44E;&#x43B;&#x43B;&#x435;&#x442;&#x435;&#x43D;&#x44C; &#x412;&#x41D;&#x418;&#x418; &#x444;&#x438;&#x437;&#x438;&#x43E;&#x43B;&#x43E;&#x433;&#x438;&#x438;, &#x431;&#x438;&#x43E;&#x445;&#x438;&#x43C;&#x438;&#x438; &#x438; &#x43F;&#x438;&#x442;&#x430;&#x43D;&#x438;&#x44F; &#x441;&#x435;&#x43B;&#x44C;&#x441;&#x43A;&#x43E;&#x445;&#x43E;&#x437;&#x44F;&#x439;&#x441;&#x442;&#x432;&#x435;&#x43D;&#x43D;&#x44B;&#x445; &#x436;&#x438;&#x432;&#x43E;&#x442;&#x43D;&#x44B;&#x445; &#x420;&#x410;&#x421;&#x425;&#x41D;</subfield>
    <subfield code="e">&#x43D;&#x430;&#x443;&#x447;&#x43D;&#x43E;-&#x442;&#x435;&#x43E;&#x440;&#x435;&#x442;&#x438;&#x447;&#x435;&#x441;&#x43A;&#x438;&#x439; &#x436;&#x443;&#x440;&#x43D;&#x430;&#x43B;</subfield>
    <subfield code="f">&#x420;&#x43E;&#x441;. &#x430;&#x43A;&#x430;&#x434;. &#x441;.-&#x445;. &#x43D;&#x430;&#x443;&#x43A;</subfield>
  </datafield>
  <datafield tag="210" ind1=" " ind2=" ">
    <subfield code="a">&#x411;&#x43E;&#x440;&#x43E;&#x432;&#x441;&#x43A;</subfield>
    <subfield code="c">[&#x431;. &#x438;.]</subfield>
    <subfield code="d">2007 -</subfield>
  </datafield>
  <datafield tag="311" ind1=" " ind2=" ">
    <subfield code="a">&#x420;&#x430;&#x43D;&#x435;&#x435; &#x432;&#x44B;&#x445;&#x43E;&#x434;&#x438;&#x43B; &#x43A;&#x430;&#x43A;: &#x411;&#x44E;&#x43B;&#x43B;&#x435;&#x442;&#x435;&#x43D;&#x44C; &#x412;&#x441;&#x435;&#x440;&#x43E;&#x441;&#x441;&#x438;&#x439;&#x441;&#x43A;&#x43E;&#x433;&#x43E; &#x43D;&#x430;&#x443;&#x447;&#x43D;&#x43E;-&#x438;&#x441;&#x441;&#x43B;&#x435;&#x434;&#x43E;&#x432;&#x430;&#x442;&#x435;&#x43B;&#x44C;&#x441;&#x43A;&#x43E;&#x433;&#x43E; &#x438;&#x43D;&#x441;&#x442;&#x438;&#x442;&#x443;&#x442;&#x430; &#x444;&#x438;&#x437;&#x438;&#x43E;&#x43B;&#x43E;&#x433;&#x438;&#x438;, &#x431;&#x438;&#x43E;&#x445;&#x438;&#x43C;&#x438;&#x438; &#x438; &#x43F;&#x438;&#x442;&#x430;&#x43D;&#x438;&#x44F; &#x441;&#x435;&#x43B;&#x44C;&#x441;&#x43A;&#x43E;&#x445;&#x43E;&#x437;&#x44F;&#x439;&#x441;&#x442;&#x432;&#x435;&#x43D;&#x43D;&#x44B;&#x445; &#x436;&#x438;&#x432;&#x43E;&#x442;&#x43D;&#x44B;&#x445;</subfield>
  </datafield>
  <datafield tag="430" ind1=" " ind2="0">
    <subfield code="1">2001#$a&#x411;&#x44E;&#x43B;&#x43B;&#x435;&#x442;&#x435;&#x43D;&#x44C; &#x412;&#x441;&#x435;&#x440;&#x43E;&#x441;&#x441;&#x438;&#x439;&#x441;&#x43A;&#x43E;&#x433;&#x43E; &#x43D;&#x430;&#x443;&#x447;&#x43D;&#x43E;-&#x438;&#x441;&#x441;&#x43B;&#x435;&#x434;&#x43E;&#x432;&#x430;&#x442;&#x435;&#x43B;&#x44C;&#x441;&#x43A;&#x43E;&#x433;&#x43E; &#x438;&#x43D;&#x441;&#x442;&#x438;&#x442;&#x443;&#x442;&#x430; &#x444;&#x438;&#x437;&#x438;&#x43E;&#x43B;&#x43E;&#x433;&#x438;&#x438;, &#x431;&#x438;&#x43E;&#x445;&#x438;&#x43C;&#x438;&#x438; &#x438; &#x43F;&#x438;&#x442;&#x430;&#x43D;&#x438;&#x44F; &#x441;&#x435;&#x43B;&#x44C;&#x441;&#x43A;&#x43E;&#x445;&#x43E;&#x437;&#x44F;&#x439;&#x441;&#x442;&#x432;&#x435;&#x43D;&#x43D;&#x44B;&#x445; &#x436;&#x438;&#x432;&#x43E;&#x442;&#x43D;&#x44B;&#x445;</subfield>
    <subfield code="1">71002$3RU\NLR\AUTH\8810031114$a&#x412;&#x441;&#x435;&#x440;&#x43E;&#x441;&#x441;&#x438;&#x439;&#x441;&#x43A;&#x438;&#x439; &#x41D;&#x418;&#x418; &#x444;&#x438;&#x437;&#x438;&#x43E;&#x43B;&#x43E;&#x433;&#x438;&#x438;, &#x431;&#x438;&#x43E;&#x445;&#x438;&#x43C;&#x438;&#x438; &#x438; &#x43F;&#x438;&#x442;&#x430;&#x43D;&#x438;&#x44F; &#x441;&#x435;&#x43B;&#x44C;&#x441;&#x43A;&#x43E;&#x445;&#x43E;&#x437;&#x44F;&#x439;&#x441;&#x442;&#x432;&#x435;&#x43D;&#x43D;&#x44B;&#x445; &#x436;&#x438;&#x432;&#x43E;&#x442;&#x43D;&#x44B;&#x445;$c&#x411;&#x43E;&#x440;&#x43E;&#x432;&#x441;&#x43A;$4070</subfield>
    <subfield code="t">&#x411;&#x44E;&#x43B;&#x43B;&#x435;&#x442;&#x435;&#x43D;&#x44C; &#x412;&#x441;&#x435;&#x440;&#x43E;&#x441;&#x441;&#x438;&#x439;&#x441;&#x43A;&#x43E;&#x433;&#x43E; &#x43D;&#x430;&#x443;&#x447;&#x43D;&#x43E;-&#x438;&#x441;&#x441;&#x43B;&#x435;&#x434;&#x43E;&#x432;&#x430;&#x442;&#x435;&#x43B;&#x44C;&#x441;&#x43A;&#x43E;&#x433;&#x43E; &#x438;&#x43D;&#x441;&#x442;&#x438;&#x442;&#x443;&#x442;&#x430; &#x444;&#x438;&#x437;&#x438;&#x43E;&#x43B;&#x43E;&#x433;&#x438;&#x438;, &#x431;&#x438;&#x43E;&#x445;&#x438;&#x43C;&#x438;&#x438; &#x438; &#x43F;&#x438;&#x442;&#x430;&#x43D;&#x438;&#x44F; &#x441;&#x435;&#x43B;&#x44C;&#x441;&#x43A;&#x43E;&#x445;&#x43E;&#x437;&#x44F;&#x439;&#x441;&#x442;&#x432;&#x435;&#x43D;&#x43D;&#x44B;&#x445; &#x436;&#x438;&#x432;&#x43E;&#x442;&#x43D;&#x44B;&#x445;</subfield>
    <subfield code="a">&#x412;&#x441;&#x435;&#x440;&#x43E;&#x441;&#x441;&#x438;&#x439;&#x441;&#x43A;&#x438;&#x439; &#x41D;&#x418;&#x418; &#x444;&#x438;&#x437;&#x438;&#x43E;&#x43B;&#x43E;&#x433;&#x438;&#x438;, &#x431;&#x438;&#x43E;&#x445;&#x438;&#x43C;&#x438;&#x438; &#x438; &#x43F;&#x438;&#x442;&#x430;&#x43D;&#x438;&#x44F; &#x441;&#x435;&#x43B;&#x44C;&#x441;&#x43A;&#x43E;&#x445;&#x43E;&#x437;&#x44F;&#x439;&#x441;&#x442;&#x432;&#x435;&#x43D;&#x43D;&#x44B;&#x445; &#x436;&#x438;&#x432;&#x43E;&#x442;&#x43D;&#x44B;&#x445; (&#x411;&#x43E;&#x440;&#x43E;&#x432;&#x441;&#x43A;)</subfield>
  </datafield>
  <datafield tag="510" ind1="1" ind2=" ">
    <subfield code="a">Problems of productive animal biology</subfield>
    <subfield code="z">eng</subfield>
  </datafield>
  <datafield tag="510" ind1="1" ind2=" ">
    <subfield code="a">Problemy biologii productivnykh zhivotnykh</subfield>
    <subfield code="z">int</subfield>
  </datafield>
  <datafield tag="606" ind1="1" ind2=" ">
    <subfield code="a">&#x421;&#x435;&#x43B;&#x44C;&#x441;&#x43A;&#x43E;&#x445;&#x43E;&#x437;&#x44F;&#x439;&#x441;&#x442;&#x432;&#x435;&#x43D;&#x43D;&#x44B;&#x435; &#x436;&#x438;&#x432;&#x43E;&#x442;&#x43D;&#x44B;&#x435;</subfield>
    <subfield code="x">&#x41F;&#x440;&#x43E;&#x434;&#x443;&#x43A;&#x442;&#x438;&#x432;&#x43D;&#x43E;&#x441;&#x442;&#x44C;</subfield>
    <subfield code="x">&#x411;&#x438;&#x43E;&#x43B;&#x43E;&#x433;&#x438;&#x447;&#x435;&#x441;&#x43A;&#x438;&#x435; &#x43E;&#x441;&#x43D;&#x43E;&#x432;&#x44B;</subfield>
    <subfield code="9">1616590</subfield>
    <subfield code="3">RU\NLR\AUTH\661011203</subfield>
  </datafield>
  <datafield tag="686" ind1="1" ind2=" ">
    <subfield code="a">&#x41F;560&#x44F;52</subfield>
  </datafield>
  <datafield tag="686" ind1="1" ind2=" ">
    <subfield code="a">&#x41F;52&#x44F;52</subfield>
  </datafield>
  <datafield tag="711" ind1="0" ind2="2">
    <subfield code="a">&#x412;&#x441;&#x435;&#x440;&#x43E;&#x441;&#x441;&#x438;&#x439;&#x441;&#x43A;&#x438;&#x439; &#x41D;&#x418;&#x418; &#x444;&#x438;&#x437;&#x438;&#x43E;&#x43B;&#x43E;&#x433;&#x438;&#x438;, &#x431;&#x438;&#x43E;&#x445;&#x438;&#x43C;&#x438;&#x438; &#x438; &#x43F;&#x438;&#x442;&#x430;&#x43D;&#x438;&#x44F; &#x441;&#x435;&#x43B;&#x44C;&#x441;&#x43A;&#x43E;&#x445;&#x43E;&#x437;&#x44F;&#x439;&#x441;&#x442;&#x432;&#x435;&#x43D;&#x43D;&#x44B;&#x445; &#x436;&#x438;&#x432;&#x43E;&#x442;&#x43D;&#x44B;&#x445;</subfield>
    <subfield code="c">&#x411;&#x43E;&#x440;&#x43E;&#x432;&#x441;&#x43A;</subfield>
    <subfield code="3">RU\NLR\AUTH\8810031114</subfield>
    <subfield code="9">560874</subfield>
  </datafield>
  <datafield tag="712" ind1="0" ind2="2">
    <subfield code="4">570</subfield>
    <subfield code="a">&#x420;&#x43E;&#x441;&#x441;&#x438;&#x439;&#x441;&#x43A;&#x430;&#x44F; &#x430;&#x43A;&#x430;&#x434;&#x435;&#x43C;&#x438;&#x44F; &#x441;&#x435;&#x43B;&#x44C;&#x441;&#x43A;&#x43E;&#x445;&#x43E;&#x437;&#x44F;&#x439;&#x441;&#x442;&#x432;&#x435;&#x43D;&#x43D;&#x44B;&#x445; &#x43D;&#x430;&#x443;&#x43A;</subfield>
    <subfield code="3">RU\NLR\AUTH\8817866</subfield>
    <subfield code="9">308982</subfield>
  </datafield>
  <datafield tag="801" ind1=" " ind2="2">
    <subfield code="a">RU</subfield>
    <subfield code="b">NLR</subfield>
    <subfield code="c">20080717</subfield>
    <subfield code="2">rusmarc</subfield>
  </datafield>
  <datafield tag="801" ind1=" " ind2="0">
    <subfield code="a">RU</subfield>
    <subfield code="b">NLR</subfield>
    <subfield code="g">PSBO</subfield>
  </datafield>
  <datafield tag="801" ind1=" " ind2="1">
    <subfield code="a">RU</subfield>
    <subfield code="b">NLR</subfield>
    <subfield code="c">20080711</subfield>
    <subfield code="2">rusmarc</subfield>
  </datafield>
  <datafield tag="852" ind1=" " ind2=" ">
    <subfield code="a">NLR</subfield>
    <subfield code="j">&#x41F;14/796</subfield>
  </datafield>
  <datafield tag="942" ind1=" " ind2=" ">
    <subfield code="c">JOURNAL</subfield>
  </datafield>
  <datafield tag="980" ind1=" " ind2=" ">
    <subfield code="a">RUSPER</subfield>
  </datafield>
</record>
